| Tag |
First Indicator |
Second Indicator |
Subfields |
| LEADER |
00000cam a2200000 a 4500 |
| 001 |
in00000092396 |
| 005 |
20151008064159.0 |
| 008 |
810629s1979 enk b 00000 eng d |
| 020 |
|
|
|a 085296448X
|
| 035 |
|
|
|a (OCoLC)07537432
|
| 035 |
|
|
|9 AAK3691AM
|
| 040 |
|
|
|a TTS
|c TTS
|d TXA
|d UtOrBLW
|
| 049 |
|
|
|a TXAM
|c [1655182]
|
| 090 |
|
|
|a Z5642.2
|b .M4
|
| 245 |
0 |
0 |
|a Microprocessor applications in science and medicine :
|b a bibliography (1977-1978) /
|c edited by S. Deighton.
|
| 264 |
|
1 |
|a London :
|b Institution of Electrical Engineers,
|c 1979.
|
| 300 |
|
|
|a approximately 50 pages ;
|c 30 cm.
|
| 336 |
|
|
|a text
|b txt
|2 rdacontent
|
| 337 |
|
|
|a unmediated
|b n
|2 rdamedia
|
| 338 |
|
|
|a volume
|b nc
|2 rdacarrier
|
| 490 |
1 |
|
|a Microprocessor application series
|
| 500 |
|
|
|a Includes indexes.
|
| 650 |
|
0 |
|a Microprocessors
|x Bibliography.
|
| 700 |
1 |
|
|a Deighton, Suzan.
|
| 830 |
|
0 |
|a Microprocessor application series.
|
| 999 |
|
|
|a MARS
|
| 999 |
f |
f |
|s e1f1a3aa-50e4-3ef1-a741-534865288d46
|i 8bd069f0-ac4c-3761-84f6-09084c3ae397
|t 0
|
| 952 |
f |
f |
|p ric
|a Texas A&M University
|b Rellis Campus
|c Joint Library Facility
|d Remote Storage
|t 0
|e Z5642.2 .M4
|h Library of Congress classification
|i unmediated -- volume
|m A14842732670
|
| 998 |
f |
f |
|a Z5642.2 .M4
|t 0
|l Remote Storage
|